Wszystkie gminy w województwie zachodniopomorskim - Statystyki

Ogólne statystyki
  • Ten quiz został rozwiązany 150 razy
    144 od ostatniego zresetowania
  • Średni wynik to 61 z 110
Statystyki odpowiedzi
Powiat Typ Gminy Gmina % Poprawnych
miasto na prawach powiatu Szczecin
94%
policki miejsko-wiejska Police
93%
białogardzki miejska | wiejska Białogard
91%
Koszalin
91%
Świnoujście
88%
gryficki miejsko-wiejska Gryfice
87%
szczecinecki miejska Szczecinek
87%
miejsko-wiejska Drawsko Pomorskie
86%
goleniowski miejsko-wiejska Goleniów
86%
kołobrzeski miejska | wiejska. Kołobrzeg
86%
wałecki miejska | wiejska Wałcz
86%
miesko-wiejska Myślibórz
85%
gryfiński miejsko-wiejska Gryfino
84%
kamieński miejsko-wiejska Kamień Pomorski
84%
pyrzycki miejsko-wiejska Pyrzyce
84%
stargardzki miejska | wiejska Stargard
84%
choszczeński miejsko-wiejska Choszczno
83%
świdwiński miejska | wiejska Świdwin
81%
łobeski miejsko-wiejska Łobez
80%
miejska | wiejska Sławno
80%
miejsko-wiejska Międzyzdroje
77%
miejsko-wiejska Płoty
70%
miejsko-wiejska Mielno
69%
miejsko-wiejska Wolin
69%
wiejska Rewal
67%
sławieński miejska | wiejska Darłowo
65%
miejsko-wiejska Nowogard
65%
miejsko-wiejska Trzebiatów
65%
miejsko-wiejska Nowe Warpno
64%
miejsko-wiejska Cedynia
62%
miejsko-wiejska Dobra
62%
miejsko-wiejska Bobolice
60%
miejsko-wieska Chojna
60%
miejsko-wiejska Karlino
60%
myśliborski miejsko-wiejska Barlinek
58%
miejsko-wiejska Dziwnów
58%
miejsko-wiejska Tychowo
58%
miejsko-wiejska Biały Bór
57%
wiejska Kołbaskowo
57%
miejsko-wiejska Golczewo
56%
miejsko-wiejska Kalisz Pomorski
56%
miejsko-wiejska Połczyn-Zdrój
56%
miejsko-wiejska Recz
56%
miejsko-wiejska Maszewo
53%
wiejska Ustronie Morskie
53%
drawski miejsko-wiejska Złocieniec
53%
miejsko-wiejska Chociwel
52%
miejsko-wiejska Mirosławiec
52%
miejsko-wiejska Stepnica
51%
miejsko-wiejska Węgorzyno
51%
miejsko-wiejska Dębno
50%
miejsko-wiejska Lipiany
50%
miejsko-wiejska Gościno
49%
miejsko-wiejska Trzcińsko-Zdrój
49%
wiejska Brojce
48%
miejsko-wiejska Drawno
48%
miejsko-wiejska Polanów
48%
miejsko-wiejska Czaplinek
47%
koszaliński miejsko-wiejska Sianów
47%
miejsko-wiejska Moryń
45%
wiejska Postomino
45%
wiejska Rymań
45%
wiejska Kobylanka
44%
miejsko-wiejska Pełczyce
44%
wiejska Biesiekierz
43%
miejsko-wiejska Człopa
43%
wiejska Dobra (Szczecińska)
43%
wiejska Dolice
43%
miejsko-wiejska Ińsko
43%
miejsko-wiejska Borne Sulinowo
42%
wiejska Karnice
42%
wiejska Przelewice
42%
miejsko-wiejska Tuczno
42%
wiejska Widuchowa
42%
miejsko-wiejska Barwice
41%
wiejska Nowogródek Pomorski
41%
miejsko-wiejska Suchań
41%
wiejska Bierzwnik
40%
wiejska Malechowo
40%
miejsko-wiejska Resko
40%
wiejska Stare Czarnowo
40%
miejsko-wiejska Dobrzany
38%
wiejska Świerzno
38%
wiejska Banie
37%
wiejska Grzmiąca
37%
wiejska Będzino
36%
miejsko-wiejska Mieszkowice
36%
wiejska Boleszkowice
35%
wiejska Dygowo
35%
wiejska Sławoborze
35%
wiejska Świeszyno
34%
wiejska Stara Dąbrowa
33%
wiejska Warnice
33%
wiejska Wierzchowo
31%
wiejska Marianowo
30%
wiejska Bielice
29%
wiejska Krzęcin
29%
wiejska Kozielice
28%
wiejska Manowo
26%
wiejska Brzeżno
24%
wiejska Siemyśl
24%
wiejska Radowo Małe
23%
wiejska Rąbino
21%
Nie znaleziono quizów pasujących do podanych kryteriów
Rozkład punktacji
Procent ludzi z każdym wynikiem
Percentyl według liczby udzielonych odpowiedzi
Twoja historia wyników
Nie rozwiązałeś tego quizu od ostatniego zresetowania